Geography Quiz

Random Geography or State Quiz

US Capitals Time Zones Quiz Stats

 Plays Quiz Updated Jul 12, 2018

Challenge
Share
Tweet
Embed
Score 0/50 Timer 05:00
5 Plays Today
State Capital Time Zone % Correct
Boston???
88.5%
Providence???
88%
Albany???
87.9%
Richmond???
87.5%
Raleigh???
87.4%
Hartford???
87.3%
Trenton???
86.9%
Concord???
86.7%
Charleston???
86.6%
Sacramento???
86.6%
Dover???
86.4%
Atlanta???
86.4%
Annapolis???
86.3%
Harrisburg???
86.3%
Augusta???
85.6%
St. Paul???
84%
Montpelier???
84%
Olympia???
83.8%
Austin???
83.6%
Topeka???
83.4%
Denver???
83.3%
Oklahoma City???
83.2%
Des Moines???
83%
Little Rock???
82.1%
Madison???
81.7%
State Capital Time Zone % Correct
Lincoln???
81.5%
Salt Lake City???
80.9%
Jefferson City???
80.6%
Baton Rouge???
80.2%
Cheyenne???
79.5%
Columbia???
79.1%
Tallahassee???
79.1%
Springfield???
78.6%
Salem???
76.7%
Santa Fe???
75.3%
Helena???
74.6%
Columbus???
74.4%
Boise???
71.2%
Bismarck???
70.3%
Pierre???
70%
Honolulu???
69.9%
Jackson???
65.6%
Phoenix???
60.1%
Juneau???
59.8%
Frankfort???
57.9%
Nashville???
55.2%
Lansing???
54.7%
Montgomery???
48.1%
Indianapolis???
47.4%
Carson City???
41.4%

You're not logged in!

Compare scores with friends on all Sporcle quizzes.
Join for Free
OR
Log In

You Might Also Like...

Show Comments

Extras

Top Quizzes Today


Score Distribution

Your Account Isn't Verified!

In order to create a playlist on Sporcle, you need to verify the email address you used during registration. Go to your Sporcle Settings to finish the process.

Report this User

Report this user for behavior that violates our Community Guidelines.

Details: